| 000 | 00815cam a2200253 a 4500 | ||
|---|---|---|---|
| 003 | UPN | ||
| 005 | 20231010063652.0 | ||
| 008 | 190314s1995 mx a br 000 0 spa d | ||
| 020 | _a9789682978654 | ||
| 035 | _aUPN01000229626 | ||
| 040 |
_aMX-MxUPN _bspa _cMX-MxUPN |
||
| 041 | _anai | ||
| 050 | 4 |
_aLB1578.349 T74 _bN36 1995 |
|
| 245 | 0 | 0 |
_aNanj nï 'ïn : _blengua triqui Chicahuaxtla, Oaxaca : cuarto grado |
| 250 | _aPrimera edición | ||
| 260 |
_aMéxico : _bSEP, Dirección General de Educación Indígena , _c1995. |
||
| 300 |
_a203 páginas : _bilustraciones a color |
||
| 650 | 4 |
_aCartilla triqui _98376 |
|
| 650 | 4 |
_aIndígenas de México _zOaxaca _xLenguas _917368 |
|
| 650 | 4 |
_aTrique _xEstudio y enseñanza (Elemental) _927879 |
|
| 905 | _aLibro | ||
| 942 |
_2lcc _cLIBRO |
||
| 999 |
_c201721 _d201721 |
||